| 000 | 01004nam0a2200301 4500 | ||
|---|---|---|---|
| 001 | RU\NLR\BIBL_A\012129354 | ||
| 005 | 20191120150617.0 | ||
| 010 |
_a978-5-6041766-9-6 _9300 |
||
| 021 |
_aRU _bКН-П-19-074064 _9КН-П-19-5346 |
||
| 035 | _a(NLR Aleph) 012129354 | ||
| 035 | _a(RuMoRGB)010107623 | ||
| 090 |
_a12037520 _c12037520 |
||
| 100 | _a20191028d2018 u y0rusy50 ca | ||
| 101 | 0 | _arus | |
| 102 | _aRU | ||
| 105 | _ac|||m|||000zy | ||
| 200 | 1 |
_aТебе одной… _e[стихи] _fСергей Ланевич |
|
| 210 |
_aМосква _cКим Л. А. _d2018 |
||
| 215 |
_a152 с. _cпортр. _d21 |
||
| 300 | _aНа тит. с. и обл.: Моя прекрасная княжна, моя любимая богиня… | ||
| 686 | 2 | _aШ6(2=Р)8-5 | |
| 700 | 1 |
_aЛаневич _bС. Б. _gСергей Б |
|
| 942 | _cBOOK | ||
| 980 | _aNBR | ||
| 980 | _aNB | ||